000 00977pam a2200289 a 4500
001 4833985
003 NUST - PNEC
005 20170116181017.0
008 901102s1991 nyua b 001 0 eng
010 _a 90022882
020 _a0070336172 :
022 _a0071007857 :
040 _cLIBRARY
082 0 0 _a621.38275 KEI
100 1 _aKeiser, Gerd.
245 1 0 _aOptical fiber communications /
_cGerd Keiser.
250 _a2nd ed.
260 _aNew York :
_bMcGraw-Hill,
_cc1991.
300 _axx, 461 p. :
_bill. ;
_c24 cm.
440 0 _aMcGraw-Hill series in electrical engineering.
_pPNECCommunications and signal processing
504 _aIncludes bibliographical references and index.
650 0 _aOptical communications.
_xLE, Comm
650 0 _aFiber optics.
906 _a7
_bcbc
_corignew
_d1
_eocip
_f19
_gy-gencatlg
942 _2ddc
_cBK
999 _c67281
_d67281